000 00621cam a22002053a 4500
001 35589
003 PGUSA
005 20140828083751.0
008 110316s2011||||xxu|||||s|||||000 | eng d
040 _aPGUSA
_beng
042 _adc
100 1 _aHare, Augustus J. C.
_q(Augustus John Cuthbert),
_d1834-1903
245 1 4 _aThe Story of My Life, volumes 1-3
_h[electronic resource] /
_cAugustus J. C. Hare
260 _bProject Gutenberg,
_c2011
506 _aPublic domain in the USA.
516 _aElectronic text
830 0 _aProject Gutenberg
_v35589
856 4 0 _uhttp://www.gutenberg.org/ebooks/35589
942 _cEB
999 _c264844
_d264844